[Event "CYCC U12 w"]
[Site "Ottawa CAN"]
[Date "2013.07.10"]
[Round "2"]
[White "Nguyen, An"]
[Black "Wang, Constance"]
[Result "1-0"]
[WhiteElo "1235"]
[BlackElo "1660"]
[PlyCount "111"]
[GameId "2160767909326486"]
[EventDate "2013.07.10"]
[EventType "swiss"]
[EventRounds "6"]
[EventCountry "CAN"]

1. e4 c5 2. Nf3 d6 3. d4 cxd4 4. Nxd4 Nf6 5. Nc3 a6 6. Be3 e5 7. Nb3 Be7 8. a4 O-O 9. Be2 Be6 10. O-O Nc6 11. h3 d5 12. exd5 Nxd5 13. Nxd5 Bxd5 14. Nc5 Bxc5 15. Bxc5 Re8 16. Re1 Be6 17. Bf3 Bf5 18. Be4 Bxe4 19. Rxe4 Qf6 20. Bb6 Re6 21. Qe1 Nd4 22. Bxd4 exd4 23. Rxe6 Qxe6 24. Qxe6 fxe6 25. Rd1 e5 26. Re1 Re8 27. Re4 Kf7 28. f4 Kf6 29. fxe5+ Rxe5 30. Rxd4 Re2 31. Rc4 Re7 32. Kf2 h6 33. Kf3 Kf5 34. Rf4+ Kg6 35. Re4 Rc7 36. c3 Kf5 37. g4+ Kg5 38. Re5+ Kf6 39. Re4 Rd7 40. Rd4 Rc7 41. c4 Ke5 42. Rd5+ Kf6 43. c5 Ke6 44. Ke4 Rc6 45. b4 Rc7 46. Rd6+ Ke7 47. Ke5 Kf7 48. Re6 Rd7 49. Rd6 Rc7 50. Kd5 Ke7 51. c6 b6 52. Re6+ Kd8 53. Kd6 Rf7 54. c7+ Rxc7 55. Re8+ Kxe8 56. Kxc7 1-0

[Event "CYCC U12 w"]
[Site "Ottawa CAN"]
[Date "2013.07.10"]
[Round "2"]
[White "Ouellet, Maili-Jade"]
[Black "Yu, Rinna"]
[Result "1-0"]
[Annotator "John"]
[WhiteElo "1632"]
[BlackElo "1301"]
[PlyCount "97"]
[GameId "2160767909326488"]
[EventDate "2013.07.10"]
[EventType "swiss"]
[EventRounds "6"]
[EventCountry "CAN"]

1. d4 Nf6 2. c4 c5 3. d5 d6 4. Nc3 g6 5. e4 Bg7 6. f4 O-O 7. Nf3 Bg4 8. Be2 Bxf3 9. Bxf3 Nbd7 10. O-O a6 11. Re1 Qc7 12. Be3 e5 13. f5 Nb6 14. b3 Rab8 15. g4 Rfe8 16. h3 Kf8 17. Qd2 Ke7 18. g5 gxf5 19. gxf6+ Bxf6 20. exf5 Qd7 21. Bg4 h5 22. Bxh5 Qxf5 23. Bg4 Rg8 24. Qf2 Rxg4+ 25. hxg4 Qxg4+ 26. Qg2 Qh5 27. Ne4 Nd7 28. Rf1 Qh7 29. Nxf6 Nxf6 30. Rxf6 Rg8 31. Bg5 Kd7 32. Raf1 Rg7 33. Qg4+ Kc7 34. Qf5 Qxf5 35. R1xf5 b5 36. Rxf7+ Rxf7 37. Rxf7+ Kc8 38. Ra7 bxc4 39. bxc4 a5 40. Kf2 a4 41. Ke3 Kb8 42. Rh7 Kc8 43. Ke4 Kb8 44. Kf5 e4 45. Ke6 e3 46. Bxe3 a3 47. Kxd6 Kc8 48. Bxc5 Kb8 49. Kc6 1-0

[Event "CYCC U12 w"]
[Site "Ottawa CAN"]
[Date "2013.07.10"]
[Round "2"]
[White "Peng, Sarah"]
[Black "Paraparan, Varshini"]
[Result "0-1"]
[WhiteElo "732"]
[BlackElo "1525"]
[PlyCount "72"]
[GameId "2160767909326489"]
[EventDate "2013.07.10"]
[EventType "swiss"]
[EventRounds "6"]
[EventCountry "CAN"]
[SourceTitle "EXT 2022"]
[Source "ChessBase"]
[SourceDate "2021.10.06"]
[SourceVersion "1"]
[SourceVersionDate "2021.10.06"]
[SourceQuality "1"]

1. e4 d6 2. Nc3 Nf6 3. Bc4 g6 4. h3 Bg7 5. Nf3 O-O 6. O-O e5 7. d3 Nc6 8. Bg5 h6 9. Bxf6 Qxf6 10. Nd5 Qd8 11. Nh2 Ne7 12. Nxe7+ Qxe7 13. Qf3 Be6 14. Bxe6 Qxe6 15. Qg3 f5 16. exf5 gxf5 17. Rae1 Qxa2 18. Qg6 b6 19. Nf3 Rf6 20. Qg3 Qxb2 21. d4 e4 22. Rb1 Qc3 23. Rb3 Qxc2 24. Re3 exf3 25. Qxf3 Raf8 26. Qd5+ Kh8 27. Re7 c6 28. Qf3 R6f7 29. Rxf7 Rxf7 30. Re1 Bxd4 31. Re8+ Kh7 32. Qh5 Qxf2+ 33. Kh2 Qf4+ 34. Kh1 Qf1+ 35. Kh2 Bg1+ 36. Kg3 Qf2# 0-1

[Event "CYCC U12 w"]
[Site "Ottawa CAN"]
[Date "2013.07.10"]
[Round "2"]
[White "Saremi, Yekta"]
[Black "Liu, Jiaxin (Dora)"]
[Result "1/2-1/2"]
[WhiteElo "1349"]
[BlackElo "1711"]
[PlyCount "124"]
[GameId "2160767909326490"]
[EventDate "2013.07.10"]
[EventType "swiss"]
[EventRounds "6"]
[EventCountry "CAN"]

1. e4 c5 2. Nf3 Nc6 3. Bd3 e6 4. c3 Be7 5. Bc2 d5 6. e5 Bg5 7. O-O Bh6 8. d4 Bxc1 9. Qxc1 c4 10. b3 cxb3 11. Bxb3 h6 12. Na3 a6 13. Nc2 Na5 14. Rb1 Nxb3 15. axb3 Ne7 16. Ne3 O-O 17. c4 Rb8 18. c5 Bd7 19. b4 Bb5 20. Re1 Rc8 21. Nd1 Qd7 22. Nc3 Rfd8 23. Nxb5 Qxb5 24. Qc3 Ng6 25. g3 Ne7 26. Nd2 Nf5 27. Nf3 Rc7 28. Ra1 Qc4 29. Qxc4 dxc4 30. Re4 Rcd7 31. Rd1 c3 32. Rc1 Nxd4 33. Rxc3 Nxf3+ 34. Rxf3 Rd4 35. Rxd4 Rxd4 36. Rb3 Kf8 37. f4 Ke7 38. b5 axb5 39. Rxb5 Rd7 40. g4 Kd8 41. f5 exf5 42. gxf5 Kc7 43. e6 Re7 44. Rb6 fxe6 45. fxe6 Kc8 46. c6 bxc6 47. Rxc6+ Kd8 48. Rd6+ Ke8 49. Kg2 Rc7 50. Kg3 Ke7 51. Ra6 Kf6 52. Kg4 g6 53. e7+ Kxe7 54. Rxg6 Rc4+ 55. Kh5 Rc3 56. h4 Rc8 57. Kxh6 Rh8+ 58. Kg5 Kf7 59. h5 Rg8 60. Kf5 Rxg6 61. hxg6+ Kg7 62. Kg5 Kg8 1/2-1/2

[Event "CYCC U12 w"]
[Site "Ottawa CAN"]
[Date "2013.07.10"]
[Round "2"]
[White "Xu, Allyson"]
[Black "Tao, Ellen"]
[Result "0-1"]
[WhiteElo "974"]
[BlackElo "1099"]
[PlyCount "82"]
[GameId "2160767909326492"]
[EventDate "2013.07.10"]
[EventType "swiss"]
[EventRounds "6"]
[EventCountry "CAN"]
[SourceTitle "EXT 2022"]
[Source "ChessBase"]
[SourceDate "2021.10.06"]
[SourceVersion "1"]
[SourceVersionDate "2021.10.06"]
[SourceQuality "1"]

1. d4 d5 2. Nf3 Nf6 3. e3 Nc6 4. Bd3 Bg4 5. Nbd2 e5 6. Be2 exd4 7. exd4 Bd6 8. O-O O-O 9. h3 Bf5 10. b3 Nb4 11. Bd3 Nxd3 12. cxd3 Bxd3 13. Re1 Re8 14. Bb2 Rxe1+ 15. Nxe1 Ba6 16. Ndf3 Qe7 17. Nd3 Re8 18. Nfe5 Nd7 19. Qd2 Bxd3 20. Qxd3 Nxe5 21. dxe5 Bxe5 22. Bxe5 Qxe5 23. Rd1 c6 24. Qc2 Qe2 25. Rd2 Qe4 26. Qc5 Qe1+ 27. Kh2 Qxd2 28. Qxa7 Qf4+ 29. g3 Qf6 30. h4 h6 31. Kg2 d4 32. Qxb7 Re2 33. Qb8+ Kh7 34. Qf4 Qxf4 35. gxf4 d3 36. Kf3 Re1 37. a4 d2 38. a5 d1=Q+ 39. Kg3 Rg1+ 40. Kh3 Qf3+ 41. Kh2 Qg2# 0-1

[Event "CYCC U12 w"]
[Site "Ottawa CAN"]
[Date "2013.07.10"]
[Round "2"]
[White "Zhou, Annika"]
[Black "Zhu, Jiarong"]
[Result "1/2-1/2"]
[WhiteElo "1045"]
[BlackElo "1217"]
[PlyCount "174"]
[GameId "2160767909326493"]
[EventDate "2013.07.10"]
[EventType "swiss"]
[EventRounds "6"]
[EventCountry "CAN"]
[SourceTitle "EXT 2022"]
[Source "ChessBase"]
[SourceDate "2021.10.06"]
[SourceVersion "1"]
[SourceVersionDate "2021.10.06"]
[SourceQuality "1"]

1. e4 c5 2. Nf3 e6 3. d4 cxd4 4. Nxd4 Nf6 5. Nc3 Bb4 6. Bd3 Nc6 7. Nxc6 bxc6 8. Bd2 h6 9. O-O Qc7 10. f4 e5 11. a3 Bc5+ 12. Kh1 a5 13. Qf3 O-O 14. Ne2 d5 15. fxe5 Qxe5 16. exd5 Bg4 17. Qg3 Qxg3 18. Nxg3 cxd5 19. h3 Be6 20. Rae1 Rab8 21. Bxa5 Rxb2 22. Bc3 Rb6 23. Bxf6 gxf6 24. Rxf6 Bd7 25. Rxb6 Bxb6 26. Nh5 Be6 27. a4 Ra8 28. Bb5 Bf5 29. Re5 Bxc2 30. Nf6+ Kg7 31. Nxd5 Bd4 32. Re8 Rxe8 33. Bxe8 f5 34. a5 Bd3 35. Kh2 Bc4 36. Bc6 Kf7 37. Kg3 Kg6 38. Bb7 Bxd5 39. Bxd5 Kg5 40. h4+ Kf6 41. Kf3 Ke5 42. Bb7 Ba7 43. a6 Bc5 44. g4 fxg4+ 45. Kxg4 Kf6 46. Kf4 Kg6 47. Bf3 Ba7 48. Ke5 Bf2 49. Ke6 h5 50. Be4+ Kg7 51. Kf5 Kh6 52. Bf3 Bc5 53. Bd5 Bf2 54. Bf7 Bd4 55. Ke6 Bf2 56. Kd7 Bd4 57. Kc6 Bf2 58. Kb7 Kg7 59. Bxh5 Kf6 60. Be2 Kf5 61. Kc6 Ke6 62. h5 Kf7 63. Kd7 Bc5 64. Bd3 Kg7 65. Ke6 Kh6 66. Be2 Be3 67. Kf7 Bc5 68. Ke6 Be3 69. Kd7 Bd4 70. Kc6 Be3 71. Kb7 Bd4 72. Bg4 Be3 73. Kc8 Bd4 74. Kd7 Bf2 75. Ke6 Bb6 76. Kf7 Be3 77. Ke6 Bd4 78. Kd5 Bf2 79. Ke4 Bb6 80. Be2 Ba7 81. Kf5 Bg1 82. Kg4 Bf2 83. Bb5 Bg1 84. Be8 Bb6 85. Bc6 Be3 86. Bf3 Bc5 87. Kf5 Bb6 1/2-1/2

[Event "CYCC U12 w"]
[Site "Ottawa CAN"]
[Date "2013.07.10"]
[Round "2"]
[White "Zhou, Lily"]
[Black "Vlasenko, Ksenia"]
[Result "1-0"]
[WhiteElo "1683"]
[BlackElo "1421"]
[PlyCount "91"]
[GameId "2160767909326494"]
[EventDate "2013.07.10"]
[EventType "swiss"]
[EventRounds "6"]
[EventCountry "CAN"]
[SourceTitle "EXT 2022"]
[Source "ChessBase"]
[SourceDate "2021.10.06"]
[SourceVersion "1"]
[SourceVersionDate "2021.10.06"]
[SourceQuality "1"]

1. d4 Nf6 2. Bg5 Ne4 3. Bf4 e6 4. Nd2 Nxd2 5. Qxd2 d5 6. Nf3 c5 7. e3 Be7 8. Be2 Nc6 9. O-O O-O 10. c3 a6 11. Rac1 b5 12. Bd3 Bb7 13. Bb1 c4 14. e4 Re8 15. e5 f6 16. Qc2 f5 17. Qd2 Bf8 18. Be3 h6 19. Ne1 g5 20. f4 g4 21. g3 Qe7 22. Ng2 Qg7 23. Bc2 Be7 24. Rb1 Rad8 25. b3 Rd7 26. a4 bxa4 27. bxc4 dxc4 28. Bxa4 Ba8 29. Qa2 Qg6 30. Qxc4 Rc7 31. Qxa6 Qh5 32. Bb3 Bf8 33. Qa2 Ra7 34. Qe2 Qh3 35. d5 Nxe5 36. Bxa7 Nf3+ 37. Rxf3 gxf3 38. Qxf3 Kh7 39. Qf2 Rc8 40. Bd4 exd5 41. Bc2 Bg7 42. Ra1 Rxc3 43. Bxc3 Bxc3 44. Ra7+ Bg7 45. Rxa8 Qh5 46. Nh4 1-0

[Event "CYCC U12 w"]
[Site "Ottawa CAN"]
[Date "2013.07.11"]
[Round "3"]
[White "Ellwood, Sophie"]
[Black "Xu, Allyson"]
[Result "0-1"]
[WhiteElo "977"]
[BlackElo "974"]
[PlyCount "116"]
[GameId "2160767909326495"]
[EventDate "2013.07.10"]
[EventType "swiss"]
[EventRounds "6"]
[EventCountry "CAN"]
[SourceTitle "EXT 2022"]
[Source "ChessBase"]
[SourceDate "2021.10.06"]
[SourceVersion "1"]
[SourceVersionDate "2021.10.06"]
[SourceQuality "1"]

1. e4 e5 2. Nf3 Nc6 3. d4 d6 4. dxe5 dxe5 5. Qxd8+ Kxd8 6. Bc4 Be6 7. Bxe6 fxe6 8. O-O Bd6 9. Bg5+ Nf6 10. Nbd2 Kd7 11. Bxf6 gxf6 12. Nc4 Be7 13. Rfd1+ Ke8 14. c3 Rd8 15. Rxd8+ Bxd8 16. Rd1 b5 17. Ne3 Rf8 18. Ng4 h5 19. Ne3 f5 20. exf5 exf5 21. Nh4 Bxh4 22. g3 Bg5 23. Nd5 Rf7 24. Re1 Kf8 25. h4 Bd8 26. Nb4 Nxb4 27. cxb4 Bf6 28. Rd1 e4 29. b3 Bc3 30. a3 Re7 31. Rd5 Re5 32. Rxe5 Bxe5 33. Kf1 a6 34. Ke2 Kf7 35. a4 Bc3 36. axb5 axb5 37. f3 exf3+ 38. Kxf3 Bxb4 39. Ke3 Kg6 40. Kd4 Be1 41. Kc5 b4 42. Kb5 Kf6 43. Kc5 Ke5 44. Kc6 Kd4 45. Kxc7 Bxg3+ 46. Kd7 Bxh4 47. Ke6 f4 48. Kf5 f3 49. Kg6 f2 50. Kxh5 f1=Q 51. Kxh4 Qg2 52. Kh5 Kc3 53. Kh6 Kxb3 54. Kh7 Kc2 55. Kh8 b3 56. Kh7 b2 57. Kh6 b1=R 58. Kh5 Rh1# 0-1

[Event "CYCC U12 w"]
[Site "Ottawa CAN"]
[Date "2013.07.11"]
[Round "3"]
[White "Kaneshalingam, Mathanhe"]
[Black "Zhou, Lily"]
[Result "1/2-1/2"]
[WhiteElo "1481"]
[BlackElo "1683"]
[PlyCount "43"]
[GameId "2160767909326496"]
[EventDate "2013.07.10"]
[EventType "swiss"]
[EventRounds "6"]
[EventCountry "CAN"]
[SourceTitle "EXT 2022"]
[Source "ChessBase"]
[SourceDate "2021.10.06"]
[SourceVersion "1"]
[SourceVersionDate "2021.10.06"]
[SourceQuality "1"]

1. d4 d5 2. Nf3 Nf6 3. e3 Bg4 4. c4 e6 5. Qb3 Qc8 6. Ne5 c6 7. Nxg4 Nxg4 8. h3 Nf6 9. Nd2 Nbd7 10. Be2 Be7 11. O-O O-O 12. Qc2 Re8 13. b3 Nf8 14. Bb2 Bd6 15. Rac1 Qd7 16. c5 Bc7 17. a3 Ng6 18. f4 Qd8 19. Qd1 Nd7 20. Bh5 f5 21. Qe1 Nf6 22. Be2 1/2-1/2

[Event "CYCC U12 w"]
[Site "Ottawa CAN"]
[Date "2013.07.11"]
[Round "3"]
[White "Liu, Jiaxin (Dora)"]
[Black "Paraparan, Varshini"]
[Result "0-1"]
[WhiteElo "1711"]
[BlackElo "1525"]
[PlyCount "52"]
[GameId "2160767909326498"]
[EventDate "2013.07.10"]
[EventType "swiss"]
[EventRounds "6"]
[EventCountry "CAN"]

1. d4 Nf6 2. Nf3 g6 3. e3 Bg7 4. Bd3 O-O 5. O-O d6 6. Nbd2 Nc6 7. e4 e5 8. d5 Ne7 9. Nb3 h6 10. h3 Nh5 11. Be3 f5 12. exf5 gxf5 13. Nxe5 dxe5 14. Qxh5 e4 15. Bc4 Kh7 16. Rad1 f4 17. Bd4 Bxd4 18. Nxd4 Rg8 19. d6 Rg5 20. dxe7 Qxe7 21. Qf7+ Qxf7 22. Bxf7 Bxh3 23. Ne6 Rxg2+ 24. Kh1 Rg4 25. Rg1 Rh4 26. Nxc7 Bf1# 0-1

[Event "CYCC U12 w"]
[Site "Ottawa CAN"]
[Date "2013.07.11"]
[Round "3"]
[White "MacIvor, Kieme"]
[Black "Gao, Catherine"]
[Result "0-1"]
[WhiteElo "878"]
[BlackElo "1121"]
[PlyCount "56"]
[GameId "2160767909326499"]
[EventDate "2013.07.10"]
[EventType "swiss"]
[EventRounds "6"]
[EventCountry "CAN"]
[SourceTitle "EXT 2022"]
[Source "ChessBase"]
[SourceDate "2021.10.06"]
[SourceVersion "1"]
[SourceVersionDate "2021.10.06"]
[SourceQuality "1"]

1. e4 e5 2. Qf3 Nf6 3. Bc4 Nc6 4. d3 Be7 5. Nh3 h6 6. Qg3 g5 7. O-O b6 8. Be3 Bb7 9. Na3 d6 10. Bb5 Qd7 11. f3 O-O-O 12. Qe1 Nh5 13. g4 Nf4 14. Bxf4 exf4 15. Nc4 d5 16. exd5 Bc5+ 17. Nf2 Qxd5 18. Qe4 Qxe4 19. dxe4 h5 20. gxh5 Rxh5 21. Bxc6 Bxc6 22. Ne5 Bb5 23. Nxf7 Rf8 24. Nd6+ cxd6 25. Rfd1 Rfh8 26. h4 Rxh4 27. Rd3 Rh1+ 28. Kg2 R8h2# 0-1

[Event "CYCC U12 w"]
[Site "Ottawa CAN"]
[Date "2013.07.11"]
[Round "3"]
[White "Nguyen, An"]
[Black "Ouellet, Maili-Jade"]
[Result "0-1"]
[WhiteElo "1235"]
[BlackElo "1632"]
[PlyCount "98"]
[GameId "2160767909326500"]
[EventDate "2013.07.10"]
[EventType "swiss"]
[EventRounds "6"]
[EventCountry "CAN"]

1. e4 c5 2. Nf3 e6 3. d4 cxd4 4. Nxd4 Nf6 5. Nc3 Bb4 6. Bd3 Qc7 7. Bd2 a6 8. a3 Bc5 9. Nb3 Bd6 10. Be3 b5 11. Bxb5 Be5 12. Bd3 Bxc3+ 13. bxc3 Qxc3+ 14. Bd2 Qc7 15. O-O O-O 16. Rb1 Nc6 17. Be3 d6 18. Nd4 Ne5 19. h3 Bb7 20. f3 d5 21. Bf4 dxe4 22. Bxe4 Bxe4 23. fxe4 Qc5 24. Rb3 Nc4 25. e5 Nxe5 26. Bxe5 Qxe5 27. Nf3 Qc5+ 28. Kh1 Ne4 29. Qe1 f5 30. c3 Rad8 31. Nd4 Qd6 32. Rf3 Rfe8 33. a4 g6 34. Kg1 e5 35. Nxf5 gxf5 36. Rxf5 Qd1 37. Qxd1 Rxd1+ 38. Rf1 Rxf1+ 39. Kxf1 Nd2+ 40. Ke2 Nxb3 41. Ke3 e4 42. g4 Nc5 43. a5 Rd8 44. h4 Rd3+ 45. Ke2 e3 46. g5 Rxc3 47. h5 Ne6 48. g6 Nf4+ 49. Ke1 Rc1# 0-1

[Event "CYCC U12 w"]
[Site "Ottawa CAN"]
[Date "2013.07.11"]
[Round "3"]
[White "Vlasenko, Ksenia"]
[Black "Gillan, Rahma"]
[Result "1-0"]
[WhiteElo "1421"]
[BlackElo "1076"]
[PlyCount "137"]
[GameId "2160767909326503"]
[EventDate "2013.07.10"]
[EventType "swiss"]
[EventRounds "6"]
[EventCountry "CAN"]
[SourceTitle "EXT 2022"]
[Source "ChessBase"]
[SourceDate "2021.10.06"]
[SourceVersion "1"]
[SourceVersionDate "2021.10.06"]
[SourceQuality "1"]

1. e4 e5 2. Nf3 Nc6 3. Bc4 Bc5 4. b4 Bxb4 5. c3 Bc5 6. d4 exd4 7. cxd4 Bb6 8. Qb3 d5 9. Bxd5 Be6 10. Bxe6 fxe6 11. Qxe6+ Qe7 12. Qxe7+ Ngxe7 13. Bb2 O-O 14. Nbd2 Rfe8 15. O-O Ng6 16. d5 Nce5 17. Nxe5 Nxe5 18. Bxe5 Rxe5 19. Kh1 Rf8 20. f4 Re7 21. Rf3 Ref7 22. Raf1 Rd7 23. Nc4 Bd4 24. Ne5 Bxe5 25. fxe5 Rxf3 26. Rxf3 h6 27. Ra3 Rf7 28. Kg1 a6 29. Rb3 b6 30. d6 cxd6 31. exd6 b5 32. e5 Rd7 33. Ra3 Kf7 34. Re3 Ke6 35. Kf2 Rf7+ 36. Ke2 Rd7 37. Kd3 Ra7 38. Ke4 Rf7 39. Rd3 Rd7 40. Rc3 Rf7 41. Rc6 Ra7 42. h3 a5 43. Rc7 Rxc7 44. dxc7 Kd7 45. Kd5 b4 46. Kc5 Kxc7 47. Kb5 Kd7 48. Kxa5 Ke6 49. Kxb4 Kxe5 50. Kb5 Kd6 51. Kb6 Kd7 52. Kb7 Kd6 53. a4 Kc5 54. a5 g5 55. a6 h5 56. a7 g4 57. hxg4 hxg4 58. a8=Q g3 59. Qd8 Kb4 60. Qc7 Kb5 61. Qc6+ Kb4 62. Kb6 Kb3 63. Kb5 Ka3 64. Qc3+ Ka2 65. Kb4 Kb1 66. Qc4 Kb2 67. Qe2+ Kc1 68. Kb3 Kb1 69. Qd1# 1-0

[Event "CYCC U12 w"]
[Site "Ottawa CAN"]
[Date "2013.07.11"]
[Round "3"]
[White "Wang, Constance"]
[Black "Saremi, Yekta"]
[Result "1/2-1/2"]
[WhiteElo "1660"]
[BlackElo "1349"]
[PlyCount "103"]
[GameId "2160767909326504"]
[EventDate "2013.07.10"]
[EventType "swiss"]
[EventRounds "6"]
[EventCountry "CAN"]
[SourceTitle "EXT 2022"]
[Source "ChessBase"]
[SourceDate "2021.10.06"]
[SourceVersion "1"]
[SourceVersionDate "2021.10.06"]
[SourceQuality "1"]

1. e4 e5 2. f4 Nc6 3. Nf3 d6 4. Bc4 h6 5. O-O Bg4 6. h3 Bxf3 7. Qxf3 Nd4 8. Qd1 Nf6 9. Nc3 c6 10. a3 Qb6 11. Kh1 Be7 12. d3 g6 13. Be3 Nh5 14. Kh2 exf4 15. Bxf4 Nxf4 16. Rxf4 d5 17. exd5 Bd6 18. Qg4 Bxf4+ 19. Qxf4 O-O-O 20. d6 Qc5 21. Ne4 Qf5 22. Qd2 Qe5+ 23. Kh1 Nf5 24. Re1 Ng3+ 25. Kg1 Nxe4 26. Rxe4 Qxd6 27. Bxf7 Rdf8 28. Be6+ Kb8 29. Qe3 Rf6 30. Bg4 Rhf8 31. Re8+ Rxe8 32. Qxe8+ Kc7 33. Qe3 c5 34. c3 h5 35. Bf3 Rf7 36. Qe4 Qf6 37. Qe5+ Qd6 38. Qe4 Kb6 39. Qc4 Rf6 40. Qb3+ Ka5 41. Qxb7 Qb6 42. Qxb6+ axb6 43. b4+ Ka4 44. bxc5 bxc5 45. d4 cxd4 46. cxd4 Kxa3 47. d5 Kb4 48. Kf2 Kc5 49. Ke3 g5 50. Bxh5 Kxd5 51. Bf3+ Ke5 52. Kf2 1/2-1/2

[Event "CYCC U12 w"]
[Site "Ottawa CAN"]
[Date "2013.07.11"]
[Round "3"]
[White "Yu, Rinna"]
[Black "Zhou, Annika"]
[Result "1-0"]
[WhiteElo "1301"]
[BlackElo "1045"]
[PlyCount "135"]
[GameId "2160767909326505"]
[EventDate "2013.07.10"]
[EventType "swiss"]
[EventRounds "6"]
[EventCountry "CAN"]
[SourceTitle "EXT 2022"]
[Source "ChessBase"]
[SourceDate "2021.10.06"]
[SourceVersion "1"]
[SourceVersionDate "2021.10.06"]
[SourceQuality "1"]

1. e4 c5 2. Nf3 e6 3. d4 cxd4 4. Nxd4 a6 5. Be2 Nf6 6. Nc3 d6 7. O-O Be7 8. Be3 O-O 9. h3 Bd7 10. Nf3 Nc6 11. Qd2 Rc8 12. Rad1 b5 13. a3 Qc7 14. Qc1 Na5 15. Rd3 Qb8 16. Bd2 Nc6 17. b4 Rfd8 18. Qb1 Na7 19. Be3 Rc7 20. Bxa7 Rxa7 21. Re3 e5 22. Rc1 Bc6 23. Bd3 Bf8 24. Ree1 Rc7 25. Re2 Rdc8 26. Rce1 Qb7 27. Nd2 Kh8 28. f3 Nh5 29. Kh2 Nf4 30. Re3 Re8 31. Qb2 Re6 32. Bf1 Rce7 33. Ne2 g5 34. Nb1 Bg7 35. Nbc3 Rg6 36. Qb1 Qc8 37. Nxf4 gxf4 38. Rd3 Rd7 39. Nd5 Bxd5 40. Rxd5 Qe8 41. Re2 Qe6 42. Red2 Qf6 43. Qb2 Qg5 44. Qc3 Qg3+ 45. Kh1 Qg5 46. Qc8+ Rd8 47. Qxa6 Qe7 48. Qxb5 h6 49. Qa4 Kh7 50. c4 Qg5 51. c5 Qg3 52. Qd1 Bf6 53. Rxd6 Rdg8 54. c6 Qh4 55. Ba6 Qh5 56. Qf1 Rg3 57. c7 Be7 58. c8=Q Rxc8 59. Bxc8 Bxd6 60. Bf5+ Kg7 61. Rxd6 Qh4 62. b5 f6 63. b6 h5 64. Rd7+ Kf8 65. b7 Rxh3+ 66. Bxh3 Qxh3+ 67. gxh3 h4 68. b8=Q# 1-0

[Event "CYCC U12 w"]
[Site "Ottawa CAN"]
[Date "2013.07.11"]
[Round "3"]
[White "Zhu, Jiarong"]
[Black "Li, Catherine"]
[Result "1-0"]
[WhiteElo "1217"]
[BlackElo "1056"]
[PlyCount "119"]
[GameId "2160767909326506"]
[EventDate "2013.07.10"]
[EventType "swiss"]
[EventRounds "6"]
[EventCountry "CAN"]
[SourceTitle "EXT 2022"]
[Source "ChessBase"]
[SourceDate "2021.10.06"]
[SourceVersion "1"]
[SourceVersionDate "2021.10.06"]
[SourceQuality "1"]

1. e4 c5 2. Nf3 d6 3. d4 cxd4 4. Nxd4 Nf6 5. Nc3 g6 6. a3 Bg7 7. Bc4 a6 8. a4 Nc6 9. Nf3 O-O 10. O-O b6 11. Re1 Bb7 12. Bg5 h6 13. Bd2 Rc8 14. Bd3 Nb4 15. Rb1 d5 16. exd5 Nfxd5 17. Nxd5 Nxd5 18. Qc1 Re8 19. Bxh6 Nb4 20. Qe3 Nxc2 21. Bxc2 Rxc2 22. Bxg7 Kxg7 23. Red1 Qc7 24. Ng5 Qc6 25. f3 Qf6 26. b4 Rc3 27. Qd2 e6 28. Ne4 Bxe4 29. fxe4 Rd8 30. Qxd8 Qxd8 31. Rxd8 Ra3 32. Rd6 Rxa4 33. Rxb6 a5 34. bxa5 Rxa5 35. Rb7 Re5 36. Rf1 Rxe4 37. Rbxf7+ Kh6 38. R7f6 Kg5 39. g3 e5 40. Kg2 Rc4 41. h4+ Kh5 42. Re6 e4 43. Rf4 Rc2+ 44. Rf2 Rc4 45. Re2 e3 46. R2xe3 Rg4 47. R3e5+ Kh6 48. Rg5 Rxg5 49. hxg5+ Kxg5 50. Kf3 Kf5 51. Ra6 Kg5 52. g4 Kh6 53. Kf4 Kg7 54. g5 Kf7 55. Ke5 Kg7 56. Ra7+ Kf8 57. Ke6 Kg8 58. Kf6 Kh8 59. Kxg6 Kg8 60. Ra8# 1-0

[Event "CYCC U12 w"]
[Site "Ottawa CAN"]
[Date "2013.07.11"]
[Round "4"]
[White "Gao, Catherine"]
[Black "Vlasenko, Ksenia"]
[Result "1-0"]
[WhiteElo "1121"]
[BlackElo "1421"]
[PlyCount "155"]
[GameId "2160767909326507"]
[EventDate "2013.07.10"]
[EventType "swiss"]
[EventRounds "6"]
[EventCountry "CAN"]
[SourceTitle "EXT 2022"]
[Source "ChessBase"]
[SourceDate "2021.10.06"]
[SourceVersion "1"]
[SourceVersionDate "2021.10.06"]
[SourceQuality "1"]

1. d4 Nf6 2. c4 e6 3. Nc3 d5 4. Bg5 Bb4 5. Qc2 c6 6. e3 Nbd7 7. Nf3 O-O 8. Bd3 Qe8 9. O-O Bxc3 10. Qxc3 Ne4 11. Bxe4 dxe4 12. Ne5 f6 13. Nxd7 Bxd7 14. Bh4 g5 15. Bg3 Qg6 16. f4 exf3 17. Rxf3 h5 18. Bd6 Rf7 19. Raf1 h4 20. d5 f5 21. dxe6 Bxe6 22. h3 Rd8 23. Bc5 Rdd7 24. b3 g4 25. hxg4 fxg4 26. Rxf7 Rxf7 27. Rd1 Rd7 28. Rf1 Rf7 29. Qc1 g3 30. Rd1 Qf6 31. e4 h3 32. Bd4 h2+ 33. Kh1 Qg6 34. Bc3 Rf8 35. Bb4 Re8 36. Qe3 Bg4 37. Qxg3 Qh5 38. Rf1 Rd8 39. Be7 Rc8 40. e5 Kh7 41. Qd3+ Qg6 42. Qxg6+ Kxg6 43. Kxh2 c5 44. Rf6+ Kg7 45. Kg3 Bh5 46. Kh4 Bg6 47. Kg5 Bb1 48. Rf2 Re8 49. Bf6+ Kg8 50. Kh6 a6 51. Rd2 Bf5 52. Rd1 b5 53. Kg5 Bc8 54. Rh1 Kf7 55. Rh7+ Ke6 56. Kg6 Rg8+ 57. Rg7 Rxg7+ 58. Kxg7 b4 59. g4 Bd7 60. g5 Be8 61. g6 Kf5 62. Kf8 Bxg6 63. Ke7 Ke4 64. Kd6 Kd4 65. e6+ Kd3 66. Kxc5 a5 67. Bd8 Kc2 68. Bxa5 Kb2 69. Bxb4 Kxa2 70. Bc3 Kb1 71. b4 Kc1 72. b5 Kd1 73. b6 Be4 74. e7 Bc6 75. Kd4 Kc2 76. Kc5 Be8 77. b7 Kd3 78. b8=Q 1-0

[Event "CYCC U12 w"]
[Site "Ottawa CAN"]
[Date "2013.07.11"]
[Round "4"]
[White "Gillan, Rahma"]
[Black "MacIvor, Kieme"]
[Result "1-0"]
[WhiteElo "1076"]
[BlackElo "878"]
[PlyCount "97"]
[GameId "2160767909326508"]
[EventDate "2013.07.10"]
[EventType "swiss"]
[EventRounds "6"]
[EventCountry "CAN"]
[SourceTitle "EXT 2022"]
[Source "ChessBase"]
[SourceDate "2021.10.06"]
[SourceVersion "1"]
[SourceVersionDate "2021.10.06"]
[SourceQuality "1"]

1. e4 c5 2. Nf3 e5 3. Nc3 d6 4. Bc4 Qf6 5. d3 g5 6. Bxg5 Qg6 7. O-O f6 8. Bb5+ Bd7 9. Bxd7+ Nxd7 10. Be3 Nh6 11. Nh4 Qg7 12. Qh5+ Kd8 13. Bxh6 Qe7 14. Bxf8 Qxf8 15. Nd5 b5 16. f4 exf4 17. Rxf4 Ne5 18. Rxf6 Qg7 19. Rxd6+ Kc8 20. Nf5 Qg4 21. Qxg4 Nxg4 22. Rf1 c4 23. dxc4 bxc4 24. Nfe7+ Kb7 25. Rf7 Nh6 26. Rg7 Rhf8 27. Ng6+ Rf7 28. Rxf7+ Nxf7 29. Rd7+ Kc6 30. Rxf7 a5 31. Rc7+ Kb5 32. e5 hxg6 33. Rg7 Re8 34. Nc7+ Kc6 35. Nxe8 Kd5 36. Rxg6 Kxe5 37. h4 Kf5 38. h5 c3 39. b3 a4 40. b4 a3 41. Rg8 Ke4 42. h6 Ke3 43. h7 Kd2 44. h8=Q Kxc2 45. Rf8 Kb2 46. Rf2+ Kb1 47. Qh7+ c2 48. Qxc2+ Ka1 49. Qc1# 1-0

[Event "CYCC U12 w"]
[Site "Ottawa CAN"]
[Date "2013.07.11"]
[Round "4"]
[White "Li, Catherine"]
[Black "Peng, Sarah"]
[Result "1-0"]
[WhiteElo "1056"]
[BlackElo "732"]
[PlyCount "57"]
[GameId "2160767909326510"]
[EventDate "2013.07.10"]
[EventType "swiss"]
[EventRounds "6"]
[EventCountry "CAN"]
[SourceTitle "EXT 2022"]
[Source "ChessBase"]
[SourceDate "2021.10.06"]
[SourceVersion "1"]
[SourceVersionDate "2021.10.06"]
[SourceQuality "1"]

1. e4 e5 2. Nf3 Nc6 3. Bc4 Bc5 4. c3 Nf6 5. d3 h6 6. Bb3 O-O 7. Nbd2 d6 8. Nf1 Bg4 9. h3 Bh5 10. g4 Bg6 11. Ng3 Nh7 12. h4 Nf6 13. Nf5 Bxf5 14. gxf5 Na5 15. Bc2 Nc6 16. Rg1 Nh5 17. Nxe5 Nxe5 18. Qxh5 Bb6 19. Qxh6 g6 20. Bf4 Qf6 21. Bxe5 dxe5 22. fxg6 fxg6 23. Rxg6+ Qxg6 24. Qxg6+ Kh8 25. O-O-O Bxf2 26. d4 exd4 27. e5 Be3+ 28. Kb1 Rfe8 29. Qh7# 1-0